00780nam a2200253Ia 4500008004100000020001900041050001600060050001400076100002200090245003100112245005600143245002100199250001200220260001200232260003300244260000900277300001600286300002000302300001100322500002000333650003300353999001900386952012100405160319s9999 xx 000 0 und d a971-9928-231-2 aFIL PE 1112 b.C37 2008 aCarillo, Jose A.  aEnglish plain and simple : bno-nonsense ways to learn today's global language / cJose A. Carillo. a2nd Ed. aManila: bThe Manila Times Pub. Corp., c2008 a472 pages : billustrations ; c25 cm. aIncludes index. aEnglish language -- Grammar. c291730d291730 001040aSMCbSMCcFILd2011-02-14g490.00l0oFIL PE 1112 .C37 2008pSMC05491r2016-03-19 00:00:00w2016-03-19yBK